000 00799cam a2200253 i 4500
999 _c10546
_d10546
003 OSt
005 20220404162529.0
008 170804s2018 enk b 001 0 eng
010 _a 2017037282
020 _a9780415790055 (hbk : alk. paper)
042 _apcc
082 0 0 _a727/.3
_223
100 1 _aCoulson, Jonathan,
_eauthor.
245 1 0 _aUniversity trends :
_bcontemporary campus design /
_cJonathan Coulson, Paul Roberts, Isabelle Taylor.
250 _aSecond edition.
260 _bRoutledge
300 _a208 pages ;
_c28 cm
504 _aIncludes bibliographical references (page 206) and index.
650 0 _aCollege buildings.
650 0 _aCampus planning.
700 1 _aRoberts, Paul
_q(Michael Paul),
_d1964-
_eauthor.
700 1 _aTaylor, Isabelle,
_eauthor.
942 _2ddc